000 00987cab a2200253 4500
001 ABS49105
008 090401t1993 xxu||||| |||| 00| 0 eng d
035 _a(Sirsi) u70012
041 _aeng
100 _aKaka, A.P.
245 _aModelling standard cost commitment curves for contractors` cash flow forecasting
260 _c1993
350 _a0
490 _aConstruction Management & Economics
_v11(4) July 1993, 271-283(13)
520 _aIdentifies causes behind the inaccuracy of current standard value S-curves, which are often used as an alternative approach for cash-flow forecasting and proposes the use of standard cost commitment models. Also outlines some of the practices involved in utilising the proposed models. References.
650 _aCASH FLOW FORECASTING
650 _aCOST COMMITMENT
650 _aCOST CONTROL
650 _aS CURVES
690 _aBUILT ENVIRONMENT-BUILDING COSTS
700 _aPrice, A.D.F.
942 _n0
948 _c04/03/1997
999 _c44039
_d44039